000 00715cam a2200241 a 4500
008
020 _a9780749456443 (pbk. )
049 _aMAIN
090 _aBF637.S8
_bDEN
100 1 _aDenny, Richard.
245 1 0 _aSucceed for yourself :
_b[unlock your potential for success and happiness] /
_cRichard Denny.
250 _a3rd ed.
260 _aLondon :
_bKogan Page,
_c2010.
300 _aviii, 215 p. :
_bill. ;
_c22 cm.
650 0 _aSuccess.
650 0 _aSelf-actualization (Psychology)
650 0 _aSuccess in business.
907 _a.b10305191
_b14-02-12
_c11-01-12
003
005 20230123125354.0
040 _cNUST
942 _cBOOKS
_kBF637.S8
_mDEN
999 _c140381
_d140381